| 000 | 01543naa a22003977a 4500 | ||
|---|---|---|---|
| 001 | BR8500960 | ||
| 003 | BR-BrBNA | ||
| 005 | 20240918175529.0 | ||
| 007 | ta | ||
| 008 | 230509b bl.||||| |||| 00| 0 por d | ||
| 040 |
_aBR-BrBNA _bpor _cBiblioteca Nacional de Agricultura |
||
| 041 | _a(Pt) | ||
| 072 |
_aF60 _b1116 |
||
| 090 | _aF60 BR8500960 | ||
| 100 | 1 | _aEsteves, M.T. da C. | |
| 100 | 1 | _aCarvalho, V.D. de | |
| 100 | 1 | _aChitarra, M.I.F. | |
| 100 | 1 | _aChitarra, A.B. | |
| 100 | 1 | _aPaula, M.B. de | |
| 111 | 1 |
_a7. Congresso Brasileiro de Fruticultura _cFlorianopolis, SC (Brazil) _d26-30 Sep 1983 |
|
| 245 | 1 | _aCaracterizacao dos frutos de seis cultivares de goiabeiras (Psidium guajava L.)na maturacao. 1 - Determinacoes fisicas e quimicas | |
| 246 | 1 | _aCharacterization of the fruits of six guava (Psidium guajava L.)cultivars during ripening. 1 - Physical and chemical determinations | |
| 246 | 1 | _a[Proceedings of the 7. Brazilian Congress on Fruit Crops] | |
| 260 | 3 |
_aFlorianopolis, SC (Brasil): _c1984. |
|
| 500 | _aAnais do 7. Congresso Brasileiro de Fruticultura Florianopolis, SC (Brasil): 1984. v. 2 p. 477-489 (BR8500960-AM)F60 | ||
| 650 | _aGOIABA | ||
| 650 | _aVARIEDADE | ||
| 650 | _aFRUTO | ||
| 650 | _aMATURACAO | ||
| 650 | _aCOLHEITA | ||
| 650 | _aANALISE QUIMICA | ||
| 650 | _aANALISE FISICA | ||
| 773 | 0 |
_tAnais do 7. Congresso Brasileiro de Fruticultura _wF60 BR8500960 _gFlorianopolis, SC (Brasil), 1984. v. 2 p. 477-489 |
|
| 909 |
_a202404 _bLucia _c55 _dLucia Elande |
||
| 942 |
_cAM _2AGRIS |
||
| 999 |
_c317127 _d317127 |
||